书目信息 |
| 题名: |
说文解字详解
|
|
| 作者: | 许慎 撰 ;思履 主编 | |
| 分册: | ||
| 出版信息: | 北京 中国华侨出版社 2016 |
|
| 页数: | 18,354页 | |
| 开本: | 25cm | |
| 丛书名: | ||
| 单 册: | ||
| 中图分类: | H161 | |
| 科图分类: | ||
| 主题词: | 汉字--古文字学--研究 | |
| 电子资源: | ||
| ISBN: | 978-7-5113-6255-1 | |
| 000 | 00890nam0 2200265 450 | |
| 001 | 2367580163 | |
| 005 | 20231110110844.31 | |
| 010 | @a978-7-5113-6255-1@dCNY59.00 | |
| 100 | @a20181129d2016 em y0chiy50 ea | |
| 101 | 0 | @achi |
| 102 | @aCN@b110000 | |
| 105 | @aa z 000yy | |
| 200 | 1 | @a说文解字详解@Ashuo wen jie zi xiang jie@f(汉)许慎撰@g思履主编 |
| 210 | @a北京@c中国华侨出版社@d2016 | |
| 215 | @a18,354页@c图@d25cm | |
| 300 | @a超值全彩国学馆 | |
| 330 | @a本书对《说文解字》进行了解读,增加了译文和注释等辅助性项目。全书保存了大部分先秦字体以及汉代和以前的不少文字训诂,反映了古代政治、经济、文化、风俗习惯等。 | |
| 605 | @a《说文》@x译文 | |
| 605 | @a《说文》@x注释 | |
| 606 | 0 | @a汉字@x古文字学@x研究 |
| 690 | @aH161@v5 | |
| 701 | 0 | @c(汉)@a许慎@Axu shen@f(58?~147?)@4撰 |
| 702 | 0 | @a思履@Asi lü@4主编 |
| 801 | 0 | @aCN@b安徽时代@c20230923 |
| 905 | @aBZT@dH161@e10 | |
| 说文解字详解/(汉)许慎撰/思履主编.-北京:中国华侨出版社,2016 |
| 18,354页:图;25cm |
| 超值全彩国学馆 |
| ISBN 978-7-5113-6255-1:CNY59.00 |
| 本书对《说文解字》进行了解读,增加了译文和注释等辅助性项目。全书保存了大部分先秦字体以及汉代和以前的不少文字训诂,反映了古代政治、经济、文化、风俗习惯等。 |
| ● |
| 相关链接 |
|
|
|
正题名:说文解字详解
索取号:H161/10
 
预约/预借
| 序号 | 登录号 | 条形码 | 馆藏地/架位号 | 状态 | 备注 |
| 1 | 2000919097 | 2000919097 | 第四书库/四009架A面6层3列/ [索取号:H161/10] | 在馆 | |
| 2 | 2000919098 | 2000919098 | 第四书库/四009架A面6层3列/ [索取号:H161/10] | 在馆 | |
| 3 | 2000919099 | 2000919099 | 第四书库/四009架A面6层3列/ [索取号:H161/10] | 在馆 | |
| 4 | 2000919100 | 2000919100 | 第四书库/四009架A面6层3列/ [索取号:H161/10] | 在馆 | |
| 5 | 2000919101 | 2000919101 | 第四书库/四009架A面6层3列/ [索取号:H161/10] | 在馆 | |
| 6 | 2000919102 | 2000919102 | 第四书库/四009架A面6层3列/ [索取号:H161/10] | 在馆 |